Stemmi Squadre di calcio - Ligue 1 - Quiz n°2 - Statistics

Statistiche generali
  • Questo quiz è stato fatto 283 volte
  • Il punteggio medio è 9 su 10
Statistiche sulle risposte
con Immagini Risposta % Corretto
Football Club des Girondins de Bordeaux
100%
Sporting Club Bastiais
100%
Stade de Reims
100%
Toulouse Football Club
100%
Olympique de Marseille
96%
Stade Rennais Football Club
94%
Havre Athletic Club
87%
Athletic Club Ajaccien
85%
Stade Brestois 29
85%
Valenciennes Football Club
56%
Nessun quiz corrispondente trovato
Distribuzione punteggi
Percentuale di utenti per punteggio
Percentile per numero di risposta
I tuoi punteggi nel tempo
Non hai fatto questo quiz